[Event "Sapporo Autumn Chess Tornament 2019"]
[Site ""]
[Date "2019.10.13"]
[Round "1"]
[Board "1"]
[White "Kojima, Shinya"]
[Black "Kojima, Natsumi"]
[Result "1/2-1/2"]
[WhiteElo "2497"]
[BlackElo "1772"]
[PlyCount "0"]
[EventDate "2019.10.13"]
[EventRounds "5"]
[EventCountry "JPN"]

1. e4 e5 2. Nf3 Nc6 3. Bc4 Nf6 4. d3 Be7 5. O-O O-O 6. Re1 d6 7. a4 Kh8 8. c3
Ng8 9. d4 Bg4 10. d5 Nb8 11. Be2 a5 12. Be3 Bxf3 13. Bxf3 Bg5 14. Nd2 f5 15.
exf5 Rxf5 16. Bg4 Rf8 17. Ne4 Bxe3 18. Rxe3  1/2-1/2

[Event "Sapporo Autumn Chess Tornament 2019"]
[Site ""]
[Date "2019.10.13"]
[Round "1"]
[Board "2"]
[White "Watanabe, Katsumi"]
[Black "Sugimoto, Koichi"]
[Result "0-1"]
[WhiteElo "1723"]
[BlackElo "1987"]
[PlyCount "0"]
[EventDate "2019.10.13"]
[EventRounds "5"]
[EventCountry "JPN"]

1. c4 e5 2. Nc3 Nf6 3. e4 Bc5 4. Be2 Nc6 5. Nf3 d6 6. O-O O-O 7. d3 h6 8. a3 a5
9. Qc2 Bg4 10. Be3 Nd4 11. Bxd4 exd4 12. Nd5 Be6 13. b4 Ba7 14. b5 c6 15. bxc6
bxc6 16. Nf4 Bd7 17. e5 Ne8 18. exd6 Nxd6 19. c5 Nf5 20. Ne5 Be8 21. Bf3 Rc8
22. Qc4 Bb8 23. Rfe1 Qf6 24. Nfg6 Bxe5 25. Nxe5 Rd8 26. Bg4 Rd5 27. Bxf5 Qxf5
28. Re4 Rxe5  0-1

[Event "Sapporo Autumn Chess Tornament 2019"]
[Site ""]
[Date "2019.10.13"]
[Round "1"]
[Board "3"]
[White "Drakakis, Athanasios"]
[Black "Kikuchi, Akira"]
[Result "1-0"]
[WhiteElo "1876"]
[BlackElo "1718"]
[PlyCount "0"]
[EventDate "2019.10.13"]
[EventRounds "5"]
[EventCountry "JPN"]

1. d4 d5 2. Nf3 c5 3. e3 Nf6 4. c3 Nc6 5. Bd3 e6 6. O-O b6 7. Qe2 Be7 8. Nbd2
Bb7 9. b3 O-O 10. Bb2 cxd4 11. exd4 Rc8 12. Rae1 Qc7 13. Ne5 h6 14. f4 Bd6 15.
Rf3 Nd7 16. Ref1 Ne7 17. Rh3 f5 18. Ndf3 Nf6 19. Nh4 Ne4 20. Bb1 Rf6 21. Kh1
Nxc3 22. Rxc3 Qd8 23. Rxc8 Qxc8 24. Rc1 Qe8 25. Bd3 Qd8 26. Nhf3 Qe8 27. Bb5
Qh5 28. Ng1 Qxe2 29. Nxe2 g5 30. g3 Kg7 31. a4 g4 32. Ra1 h5 33. Ba3 Nc8 34.
Bxd6 Nxd6 35. Rc1 Kh6 36. Rc7 h4 37. Rd7 Nxb5 38. Rxb7 Nd6 39. Rxa7 Ne4 40. Rb7
hxg3 41. Nxg3 Rf8 42. Rxb6 Rh8 43. Nf7+  1-0

[Event "Sapporo Autumn Chess Tornament 2019"]
[Site ""]
[Date "2019.10.13"]
[Round "1"]
[Board "4"]
[White "Sato, Yasuji"]
[Black "Yoshii, Yukihiko"]
[Result "1-0"]
[WhiteElo "1453"]
[BlackElo "1851"]
[PlyCount "0"]
[EventDate "2019.10.13"]
[EventRounds "5"]
[EventCountry "JPN"]

1. e4 c5 2. Nf3 d6 3. c3 Nf6 4. Bc4 Bg4 5. Qb3 e6 6. Qxb7 Nbd7 7. d4 h6 8. Nbd2
Be7 9. h3 Bh5 10. e5 Nh7 11. d5 Nhf8 12. exd6 Bxd6 13. O-O Qb8 14. Qc6 Bxf3 15.
Nxf3 e5 16. Re1 f6 17. Bf4 Ng6 18. Bb5 Nxf4 19. Qxd7+ Kf8 20. Re4 a6 21. Bc6
Ra7 22. Qf5 Re7 23. g3 Nd3 24. Nh4 Qxb2 25. Ng6+ Kf7 26. Nxh8+ Kg8 27. Qc8+ Kh7
28. Rf1 Qxa2 29. Bd7 Qxd5 30. Bf5+ g6 31. Nxg6  1-0

[Event "Sapporo Autumn Chess Tornament 2019"]
[Site ""]
[Date "2019.10.13"]
[Round "1"]
[Board "5"]
[White "Nishimori, Toshiyuki"]
[Black "Takeuchi, Hiroshi"]
[Result "1-0"]
[WhiteElo "1776"]
[BlackElo "1350"]
[PlyCount "0"]
[EventDate "2019.10.13"]
[EventRounds "5"]
[EventCountry "JPN"]

1. e4 d6 2. d4 Nf6 3. Nc3 g6 4. Be2 Bg7 5. h3 O-O 6. Be3 e5 7. Nf3 Nc6 8. d5
Ne7 9. Qd2 a5 10. Bh6 Bd7 11. Bxg7 Kxg7 12. Nh2 Neg8 13. Qg5 Ne8 14. Qxd8 Rxd8
15. g4 Kh8 16. h4 Ng7 17. Nb5 Bxb5 18. Bxb5 f5 19. Bd3 fxe4 20. Bxe4 Rf4 21. f3
Nf6 22. Bd3 e4 23. fxe4 Nxe4 24. Rf1 Rxf1+ 25. Nxf1 Re8 26. O-O-O Nf2 27. c3
Nxd1 28. Kxd1 Rf8 29. Kd2 Rf2+ 30. Be2 Ne8 31. Ke3 Rh2 32. h5 gxh5 33. gxh5 Nf6
34. Nxh2 Nxd5+ 35. Kd2 Kg7 36. Ng4 Nf4 37. h6+ Kg6 38. Bf3 b6 39. Ke3 Ne6 40.
Be4+ Kg5 41. Kf3 Nf8 42. Ne3 Kxh6 43. Nd5 c5 44. Nxb6 Ne6 45. Kg4 Nf8 46. Bf5
Kg7 47. Nc4 d5 48. Nxa5 Ng6 49. Bxg6 Kxg6 50. Nb7 h5+ 51. Kh4 d4 52. cxd4 cxd4
53. Nc5 Kf5 54. a4 Ke5 55. b4 Kd5 56. a5 Kc6 57. Kxh5 Kb5 58. Nd3 Kc4 59. a6
Kxd3 60. a7 Kc2 61. a8=Q d3 62. Qe4 Kc3 63. Qxd3+ Kxd3 64. b5  1-0

[Event "Sapporo Autumn Chess Tornament 2019"]
[Site ""]
[Date "2019.10.13"]
[Round "2"]
[Board "1"]
[White "Sugimoto, Koichi"]
[Black "Nishimori, Toshiyuki"]
[Result "1-0"]
[WhiteElo "1987"]
[BlackElo "1776"]
[PlyCount "39"]
[EventDate "2019.10.13"]
[EventRounds "5"]
[EventCountry "JPN"]

1. e4 c5 2. d4 cxd4 3. c3 dxc3 4. Nxc3 Nc6 5. Nf3 d6 6. Bc4 e6 7. O-O Bd7 8.
Qe2 a6 9. Rd1 Qc7 10. Bf4 O-O-O 11. Rac1 Kb8 12. a3 Ka8 13. b4 Na7 14. Bd3 Qb8
15. b5 Nxb5 16. Bxb5 Bxb5 17. Nxb5 axb5 18. Qxb5 Nf6 19. Qa5+ Qa7 20. Qxd8+  1-0

[Event "Sapporo Autumn Chess Tornament 2019"]
[Site ""]
[Date "2019.10.13"]
[Round "2"]
[Board "2"]
[White "Sato, Yasuji"]
[Black "Drakakis, Athanasios"]
[Result "0-1"]
[WhiteElo "1453"]
[BlackElo "1876"]
[PlyCount "0"]
[EventDate "2019.10.13"]
[EventRounds "5"]
[EventCountry "JPN"]

1. e4 c6 2. Nc3 Qc7 3. Nf3 d6 4. Bc4 e6 5. d4 Be7 6. O-O b5 7. Bb3 b4 8. Na4
Nd7 9. c3 a5 10. Re1 c5 11. dxc5 dxc5 12. c4 Bb7 13. Bc2 e5 14. b3 Ngf6 15. Nb2
O-O 16. Qe2 h6 17. Nd1 Nh5 18. g3 Ra6 19. Bb2 Rg6 20. Nxe5 Nxe5 21. Qxh5 Rg5
22. Qe2 Bc8 23. Bxe5 Qxe5 24. Ne3 Rg6 25. Nf5 Bf6 26. Rad1 Bb7 27. Qd2 Rd8 28.
Qe3 Rxd1 29. Bxd1 Bd8 30. Bh5 Re6 31. Bf3 Bg5 32. Qd3 Re8 33. Qc2 Rd8 34. Bg2
Rd2 35. f4 Rxc2 36. fxe5 Rxa2 37. h4 Bd2 38. Rf1 Bc3 39. Nd6 Ba8 40. Nxf7 Bd4+
41. Kh1 Rf2 42. e6 Rxf1+ 43. Bxf1 Bxe4+ 44. Kh2 Kf8 45. Nd6 Bc2 46. Nb7 a4 47.
bxa4 Bxa4 48. Kh3 Ke7  0-1

[Event "Sapporo Autumn Chess Tornament 2019"]
[Site ""]
[Date "2019.10.13"]
[Round "2"]
[Board "3"]
[White "Nakamura, Mitsuru"]
[Black "Kojima, Shinya"]
[Result "0-1"]
[WhiteElo "1314"]
[BlackElo "2497"]
[PlyCount "0"]
[EventDate "2019.10.13"]
[EventRounds "5"]
[EventCountry "JPN"]

1. d4 d5 2. c4 c6 3. Nf3 Nf6 4. e3 Bf5 5. Nc3 a6 6. Bd3 Bxd3 7. Qxd3 e6 8. O-O
Bb4 9. Bd2 O-O 10. a3 Be7 11. c5 Nbd7 12. b4 Re8 13. Rfe1 Qc7 14. e4 dxe4 15.
Nxe4 Rad8 16. Qc2 Nxe4 17. Rxe4 Nf6 18. Bf4 Qc8 19. Re2 Rd5 20. Bg3 Bf8 21.
Rae1 Red8 22. Bh4 Be7 23. Re5 Qd7 24. Rd1 Qe8 25. g4 Nxg4  0-1

[Event "Sapporo Autumn Chess Tornament 2019"]
[Site ""]
[Date "2019.10.13"]
[Round "2"]
[Board "4"]
[White "Kojima, Natsumi"]
[Black "Yoshii, Yukihiko"]
[Result "0-1"]
[WhiteElo "1772"]
[BlackElo "1851"]
[PlyCount "0"]
[EventDate "2019.10.13"]
[EventRounds "5"]
[EventCountry "JPN"]

1. e4 e5 2. Nf3 Nc6 3. Bc4 Nf6 4. d3 Be7 5. O-O O-O 6. Re1 d6 7. a4 h6 8. h3 a6
9. Nc3 b6 10. Nd5 Nxd5 11. Bxd5 Bb7 12. d4 Bf6 13. c3 Rb8 14. Nh2 exd4 15. Ng4
dxc3 16. Nxh6+ gxh6 17. Qg4+ Bg7 18. Bxh6 Qf6 19. Bg5 Qg6 20. f4 Kh8 21. f5 Qh7
22. f6 Bh6 23. bxc3 Ne5 24. Qg3 Bxd5 25. exd5 Bxg5 26. Qxg5 Qg6 27. Qh4+ Qh7
28. Qd4 Rg8 29. Kh2 Rg6 30. Rf1 Rbg8 31. Ra2 Rh6 32. Re2 Rh4 33. Rf4 Rxf4 34.
Qxf4 Rg4 35. Qf1 Rxa4 36. Kg1 Qg6 37. Rf2 Ra3 38. Rf5 Rxc3 39. Qf4 Rg3  0-1

[Event "Sapporo Autumn Chess Tornament 2019"]
[Site ""]
[Date "2019.10.13"]
[Round "2"]
[Board "5"]
[White "Kikuchi, Akira"]
[Black "Watanabe, Katsumi"]
[Result "1-0"]
[WhiteElo "1718"]
[BlackElo "1723"]
[PlyCount "0"]
[EventDate "2019.10.13"]
[EventRounds "5"]
[EventCountry "JPN"]

1. e4 c5 2. c3 d6 3. d4 cxd4 4. cxd4 e6 5. Nf3 Be7 6. Nc3 Nf6 7. Bc4 O-O 8. O-O
d5 9. exd5 exd5 10. Bd3 Nc6 11. h3 Qb6 12. Re1 Be6 13. Rb1 Nb4 14. Bg5 Rfe8 15.
a3 Nxd3 16. Qxd3 h6 17. Bh4 Qc7 18. Rbc1 Nh5 19. Nxd5 Qd6 20. Nxe7+ Rxe7 21.
Bxe7 Qxe7 22. Qb5 Nf4 23. d5 a6 24. Qa5 Nd3 25. dxe6 Nxe1 26. exf7+ Qxf7 27.
Rxe1 Rc8 28. Qb4 Qc7 29. Qe7 Qc2 30. Qxb7 Kh8 31. Qxa6 Rd8 32. Qe2 Qb3 33. Ne5
Rd5 34. Nf7+ Kg8 35. Qe8+ Kh7 36. Qe4+ Kg8 37. Nxh6+ Kh8 38. Ng4 Rd1 39. Rxd1
Qxd1+ 40. Kh2 Qb3 41. a4 Qxb2 42. a5 Qb5 43. Qa8+ Kh7 44. a6 Qb6 45. Qb7  1-0

[Event "Sapporo Autumn Chess Tornament 2019"]
[Site ""]
[Date "2019.10.13"]
[Round "3"]
[Board "1"]
[White "Drakakis, Athanasios"]
[Black "Sugimoto, Koichi"]
[Result "1-0"]
[WhiteElo "1876"]
[BlackElo "1987"]
[PlyCount "81"]
[EventDate "2019.10.13"]
[EventRounds "5"]
[EventCountry "JPN"]

1. d4 d5 2. Nf3 Nf6 3. Bf4 c5 4. e3 Nc6 5. c3 Qb6 6. Qc1 Bf5 7. Nbd2 e6 8. Nh4
Bg4 9. h3 Bh5 10. g4 Bg6 11. Nxg6 hxg6 12. Bg2 cxd4 13. exd4 Rc8 14. Qb1 Qa6
15. Bf1 Qb6 16. Bg2 Na5 17. O-O Bd6 18. Bxd6 Qxd6 19. f4 Nc4 20. Nxc4 Rxc4 21.
Qd3 a6 22. Rae1 O-O 23. Kh1 b5 24. a3 Rfc8 25. f5 gxf5 26. gxf5 Nh5 27. Re5
R4c7 28. fxe6 Nf6 29. exf7+ Rxf7 30. Qg6 Rcf8 31. Rfe1 Qd7 32. R1e3 a5 33. Rg3
b4 34. axb4 axb4 35. Kh2 bxc3 36. bxc3 Qb5 37. Rf5 Qd7 38. Re5 Qb5 39. h4 Qb2
40. Kh3 Qf2 41. Rf5  1-0

[Event "Sapporo Autumn Chess Tornament 2019"]
[Site ""]
[Date "2019.10.13"]
[Round "3"]
[Board "2"]
[White "Kojima, Shinya"]
[Black "Kikuchi, Akira"]
[Result "1-0"]
[WhiteElo "2497"]
[BlackElo "1718"]
[PlyCount "45"]
[EventDate "2019.10.13"]
[EventRounds "5"]
[EventCountry "JPN"]

1. Nf3 c5 2. e4 d6 3. d4 cxd4 4. Nxd4 e6 5. Nc3 Nf6 6. Be2 Be7 7. Be3 a6 8. f4
Nbd7 9. O-O O-O 10. Kh1 Qc7 11. Bf3 Rd8 12. g4 e5 13. Nf5 Nf8 14. g5 Ne8 15.
Nd5 Qb8 16. Nfxe7+ Kh8 17. fxe5 Ng6 18. Nxg6+ hxg6 19. Bg4 Bxg4 20. Qxg4 Kg8
21. Rxf7 Kxf7 22. Rf1+ Kg8 23. Ne7+  1-0

[Event "Sapporo Autumn Chess Tornament 2019"]
[Site ""]
[Date "2019.10.13"]
[Round "3"]
[Board "3"]
[White "Nishimori, Toshiyuki"]
[Black "Sato, Yasuji"]
[Result "1-0"]
[WhiteElo "1776"]
[BlackElo "1453"]
[PlyCount "97"]
[EventDate "2019.10.13"]
[EventRounds "5"]
[EventCountry "JPN"]

1. e4 e5 2. Nf3 Nc6 3. Bb5 a6 4. Ba4 Bc5 5. O-O Nf6 6. d3 h6 7. Nc3 O-O 8. h3
d6 9. a3 Ne7 10. Bb3 Ng6 11. Be3 Bxe3 12. fxe3 Nh5 13. Ne2 Kh8 14. Qe1 f5 15.
Ng3 fxe4 16. Nxe4 Nf6 17. Nxf6 Rxf6 18. Qg3 Qe7 19. Nd2 Bf5 20. Rxf5 Rxf5 21.
Qxg6 Raf8 22. Rf1 Rxf1+ 23. Nxf1 Qh4 24. Bf7 Qe7 25. Bd5 c6 26. Bf3 Rf6 27. Qg4
Qf8 28. Ng3 d5 29. Qh5 g5 30. Qg4 b5 31. Nh5 Rf7 32. Qg3 Rf5 33. e4 dxe4 34.
dxe4 Qc5+ 35. Qf2 Qxf2+ 36. Kxf2 Rf7 37. Ke3 Rd7 38. Nf6 Re7 39. Ng4 Kg7 40.
Nf2 c5 41. Nd3 c4 42. Nb4 Re6 43. Bg4 Rd6 44. Nd5 Kf7 45. Kd2 Kg6 46. Ke3 Kf7
47. Bh5+ Kg7 48. Kf3 a5 49. Ke3  1-0

[Event "Sapporo Autumn Chess Tornament 2019"]
[Site ""]
[Date "2019.10.13"]
[Round "3"]
[Board "4"]
[White "Yoshii, Yukihiko"]
[Black "Nakamura, Mitsuru"]
[Result "1-0"]
[WhiteElo "1851"]
[BlackElo "1314"]
[PlyCount "71"]
[EventDate "2019.10.13"]
[EventRounds "5"]
[EventCountry "JPN"]

1. c4 Nf6 2. Nc3 g6 3. Nf3 Bg7 4. d4 d6 5. e4 O-O 6. Be2 e5 7. O-O Nc6 8. Bg5
Ne7 9. h3 Bd7 10. dxe5 dxe5 11. Nxe5 Bc6 12. Nxc6 Nxc6 13. Qb3 Rb8 14. Rad1 Qe8
15. Rfe1 Qe5 16. Bxf6 Qxf6 17. Rd2 Nd4 18. Qd1 c5 19. Nd5 Qh4 20. Bf1 Rfe8 21.
g3 Qg5 22. Bg2 a6 23. b4 b6 24. h4 Qh6 25. f4 f5 26. e5 Ne6 27. a3 Kh8 28. Bf3
Bf8 29. Nf6 Rec8 30. Rd7 Bg7 31. Qd6 Rd8 32. Qxe6 Rxd7 33. Qxd7 Bxf6 34. exf6
Qf8 35. Qe7 Kg8 36. Bd5+  1-0

[Event "Sapporo Autumn Chess Tornament 2019"]
[Site ""]
[Date "2019.10.13"]
[Round "3"]
[Board "5"]
[White "Takeuchi, Hiroshi"]
[Black "Kojima, Natsumi"]
[Result "0-1"]
[WhiteElo "1350"]
[BlackElo "1772"]
[PlyCount "60"]
[EventDate "2019.10.13"]
[EventRounds "5"]
[EventCountry "JPN"]

1. d4 Nf6 2. Nf3 e6 3. e3 b6 4. Bd3 Be7 5. Nbd2 O-O 6. b3 Bb7 7. Bb2 d5 8. O-O
c5 9. Ne5 Nc6 10. Qe2 Nb4 11. f4 Nxd3 12. Qxd3 Nd7 13. f5 Nxe5 14. dxe5 exf5
15. Qxf5 Bc8 16. Qd3 Be6 17. Qe2 Qc7 18. Nf3 Rad8 19. Rad1 Rd7 20. h3 Rfd8 21.
Nh2 d4 22. exd4 cxd4 23. Kh1 Bc5 24. Nf3 h6 25. b4 Bxb4 26. Nxd4 Bc4 27. Qg4
Bxf1 28. e6 Bxg2+ 29. Qxg2 fxe6 30. c3 Bxc3  0-1

[Event "Sapporo Autumn Chess Tornament 2019"]
[Site ""]
[Date "2019.10.14"]
[Round "4"]
[Board "1"]
[White "Kojima, Shinya"]
[Black "Drakakis, Athanasios"]
[Result "1-0"]
[WhiteElo "2497"]
[BlackElo "1876"]
[PlyCount "53"]
[EventDate "2019.10.13"]
[EventRounds "5"]
[EventCountry "JPN"]

1. Nf3 d5 2. d4 Nf6 3. c4 e6 4. Nc3 b6 5. Bg5 Be7 6. e3 O-O 7. Rc1 Bb7 8. Bxf6
Bxf6 9. cxd5 exd5 10. Be2 c6 11. O-O Re8 12. b4 a6 13. Qb3 Nd7 14. Rfd1 Re6 15.
Bd3 Bg5 16. Bf5 Rd6 17. Na4 Bh6 18. Ne5 Nf8 19. Nc5 bxc5 20. bxc5 Rf6 21. Qxb7
Rxf5 22. Nxc6 Qe8 23. Ne7+ Kh8 24. Nxf5 Rb8 25. Qxd5 Rb2 26. Nxh6 gxh6 27. c6
 1-0

[Event "Sapporo Autumn Chess Tornament 2019"]
[Site ""]
[Date "2019.10.14"]
[Round "4"]
[Board "2"]
[White "Yoshii, Yukihiko"]
[Black "Nishimori, Toshiyuki"]
[Result "1-0"]
[WhiteElo "1851"]
[BlackElo "1776"]
[PlyCount "71"]
[EventDate "2019.10.13"]
[EventRounds "5"]
[EventCountry "JPN"]

1. c4 Nf6 2. d4 c5 3. d5 b5 4. b3 g6 5. Bb2 Bg7 6. Qc2 bxc4 7. bxc4 d6 8. e4
O-O 9. Nc3 Nbd7 10. Nf3 Nb6 11. Bd3 Ba6 12. Nb5 Qd7 13. a4 Rab8 14. O-O Bc8 15.
a5 Na8 16. Bc3 a6 17. Na3 Nc7 18. Rfb1 Bb7 19. Rb2 e5 20. Rab1 Na8 21. h3 Nh5
22. Qd1 Nf4 23. Bc2 Rfe8 24. Ba4 Nxh3+ 25. gxh3 Qxh3 26. Bxe8 Rxe8 27. Rxb7 Bh6
28. Bd2 Qg4+ 29. Kh1 Qh3+ 30. Kg1 Qg4+ 31. Kf1 Qh3+ 32. Ke2 f5 33. Bxh6 fxe4
34. Rg7+ Kh8 35. Rxh7+ Kxh7 36. Ng5+  1-0

[Event "Sapporo Autumn Chess Tornament 2019"]
[Site ""]
[Date "2019.10.14"]
[Round "4"]
[Board "3"]
[White "Sugimoto, Koichi"]
[Black "Kobayashi, Katsuhiko"]
[Result "1-0"]
[WhiteElo "1987"]
[BlackElo "1515"]
[PlyCount "89"]
[EventDate "2019.10.13"]
[EventRounds "5"]
[EventCountry "JPN"]

1. e4 e5 2. Nf3 Nc6 3. d4 d6 4. Bc4 Be7 5. d5 Nb8 6. O-O Bg4 7. h3 Bxf3 8. Qxf3
Nf6 9. Nc3 Nbd7 10. a4 O-O 11. Be3 Nb6 12. Be2 Re8 13. a5 Nbd7 14. b4 c6 15.
dxc6 bxc6 16. Na2 d5 17. exd5 Nxd5 18. Bd2 Bf6 19. Rad1 e4 20. Qg3 Bh4 21. Qb3
Qf6 22. c4 Nc7 23. Be3 Ne5 24. Nc3 Qg6 25. Qc2 Nf3+ 26. Bxf3 exf3 27. Qxg6 hxg6
28. gxf3 Ne6 29. b5 cxb5 30. cxb5 Ng5 31. Kg2 Rac8 32. Nd5 Rc2 33. Rd4 Bxf2 34.
Rxf2 Rxf2+ 35. Bxf2 Re2 36. Nf4 Rb2 37. b6 axb6 38. axb6 Kh7 39. h4 Ne6 40.
Nxe6 fxe6 41. Re4 Rc2 42. Rb4 Rc8 43. b7 Rb8 44. Bg3 Rxb7 45. Rxb7  1-0

[Event "Sapporo Autumn Chess Tornament 2019"]
[Site ""]
[Date "2019.10.14"]
[Round "4"]
[Board "4"]
[White "Kojima, Natsumi"]
[Black "Sato, Yasuji"]
[Result "1-0"]
[WhiteElo "1772"]
[BlackElo "1453"]
[PlyCount "83"]
[EventDate "2019.10.13"]
[EventRounds "5"]
[EventCountry "JPN"]

1. e4 e5 2. Nf3 Nc6 3. Bc4 Nf6 4. d3 h6 5. O-O Bc5 6. Nbd2 Na5 7. Nxe5 O-O 8.
c3 d6 9. Nef3 Nxc4 10. Nxc4 b5 11. Ne3 Re8 12. b4 Bb6 13. a4 bxa4 14. Rxa4 Bd7
15. Ra1 c6 16. Nc4 Bc7 17. Be3 Qb8 18. Qc2 Ng4 19. Bf4 g5 20. Bg3 Nf6 21. Nd4
Nh5 22. Qd1 Nxg3 23. fxg3 d5 24. Qh5 Re7 25. Ne3 Qf8 26. Nef5 Bxf5 27. Nxf5
Bb6+ 28. Kh1 Re6 29. exd5 cxd5 30. Qf3 Rae8 31. Rad1 Re5 32. g4 Kh7 33. Ng3
R8e6 34. d4 Re3 35. Qxd5 Qe8 36. Qf5+ Kg8 37. Nh5 Qe7 38. Nf6+ Kf8 39. Nd5 Qb7
40. Nxe3 Rxe3 41. Rde1 Qe7 42. Rxe3  1-0

[Event "Sapporo Autumn Chess Tornament 2019"]
[Site ""]
[Date "2019.10.14"]
[Round "4"]
[Board "5"]
[White "Kikuchi, Akira"]
[Black "Takeuchi, Hiroshi"]
[Result "1-0"]
[WhiteElo "1718"]
[BlackElo "1350"]
[PlyCount "53"]
[EventDate "2019.10.13"]
[EventRounds "5"]
[EventCountry "JPN"]

1. e4 d6 2. d4 Nf6 3. Nc3 g6 4. Be3 Bg7 5. f3 O-O 6. Qd2 c6 7. O-O-O b5 8. Bd3
b4 9. Nb1 a5 10. Ne2 Qc7 11. Bh6 Nbd7 12. Bxg7 Kxg7 13. g4 c5 14. dxc5 Nxc5 15.
Nd4 e5 16. Nb3 Nxb3+ 17. axb3 Be6 18. Bc4 Bxc4 19. bxc4 Qxc4 20. h4 Rfc8 21. h5
a4 22. hxg6 fxg6 23. Qh6+ Kf7 24. Rd2 b3 25. Na3 bxc2 26. Nxc4 Rxc4 27. Rxc2
 1-0

[Event "Sapporo Autumn Chess Tornament 2019"]
[Site ""]
[Date "2019.10.14"]
[Round "4"]
[Board "6"]
[White "Watanabe, Katsumi"]
[Black "Nakamura, Mitsuru"]
[Result "0-1"]
[WhiteElo "1723"]
[BlackElo "1314"]
[PlyCount "90"]
[EventDate "2019.10.13"]
[EventRounds "5"]
[EventCountry "JPN"]

1. c4 Nf6 2. Nc3 g6 3. Nf3 Bg7 4. e4 d6 5. Be2 O-O 6. O-O Nc6 7. d4 e5 8. d5
Ne7 9. Bg5 h6 10. Bh4 g5 11. Bg3 Nh7 12. h3 f5 13. Nd2 f4 14. Bh2 Nf6 15. f3
Ng6 16. Kh1 Nh5 17. Nb3 Nf6 18. c5 a6 19. Qc2 h5 20. Rad1 h4 21. cxd6 cxd6 22.
Nd2 Nh5 23. Qb3 Ng3+ 24. Bxg3 fxg3 25. Nc4 b5 26. Ne3 Nf4 27. a4 Qb6 28. Ng4
Bxg4 29. fxg4 b4 30. Bf3 Qc5 31. Na2 a5 32. Rc1 Qb6 33. Rc6 Qd8 34. Qe3 Rc8 35.
Rfc1 Rb8 36. b3 Qd7 37. Rc7 Qd8 38. Qa7 Qf6 39. R1c6 Rbd8 40. Qxa5 Nxh3 41.
Qxb4 Nf2+ 42. Kg1 h3 43. Qb7 h2+ 44. Kf1 h1=Q+ 45. Ke2 Qd1+  0-1

[Event "Sapporo Autumn Chess Tornament 2019"]
[Site ""]
[Date "2019.10.14"]
[Round "5"]
[Board "1"]
[White "Sugimoto, Koichi"]
[Black "Kojima, Shinya"]
[Result "0-1"]
[WhiteElo "1987"]
[BlackElo "2497"]
[PlyCount "96"]
[EventDate "2019.10.13"]
[EventRounds "5"]
[EventCountry "JPN"]

1. d4 d5 2. c4 c6 3. Nf3 Nf6 4. e3 Bf5 5. cxd5 cxd5 6. Qb3 Qc7 7. Bd2 a6 8. Nc3
e6 9. Rc1 Nc6 10. Be2 Bd6 11. h3 O-O 12. Nh4 Be4 13. O-O h6 14. Nxe4 Nxe4 15.
Nf3 Rac8 16. Bc3 Qe7 17. a3 Rc7 18. Rc2 Rfc8 19. Rfc1 g5 20. Be1 Kg7 21. Nd2
Nf6 22. Nf3 Nd7 23. Qd3 f5 24. Nd2 Nf6 25. Nf1 h5 26. Qd1 g4 27. h4 f4 28. g3
fxg3 29. fxg3 e5 30. dxe5 Bxe5 31. Bd3 Qd6 32. Bf5 Rf8 33. Qd3 Re7 34. b4 Ng8
35. Bh7 Ref7 36. Rf2 Nge7 37. Rcc2 d4 38. Be4 dxe3 39. Rxf7+ Rxf7 40. Qxd6 Bxd6
41. Nxe3 Nd4 42. Rd2 Be5 43. Nc4 Bf6 44. Bxb7 Nef5 45. Bg2 Rc7 46. Nb2 Rc1 47.
Rd1 Rc2 48. Nd3 Rxg2+  0-1

[Event "Sapporo Autumn Chess Tornament 2019"]
[Site ""]
[Date "2019.10.14"]
[Round "5"]
[Board "2"]
[White "Drakakis, Athanasios"]
[Black "Yoshii, Yukihiko"]
[Result "1-0"]
[WhiteElo "1876"]
[BlackElo "1851"]
[PlyCount "119"]
[EventDate "2019.10.13"]
[EventRounds "5"]
[EventCountry "JPN"]

1. d4 d5 2. Nf3 Nc6 3. Bf4 Nf6 4. e3 e6 5. c3 a6 6. Nbd2 Be7 7. Bd3 h6 8. O-O
O-O 9. h3 Bd7 10. Kh1 Rc8 11. Rg1 Kh8 12. g4 Nh7 13. Qc2 Ng5 14. Bxg5 Bxg5 15.
Kg2 Qe7 16. Ne5 Bf6 17. Nxc6 Bxc6 18. f4 g6 19. Nf3 Bg7 20. Qf2 f5 21. g5 h5
22. Nh4 Be8 23. b4 b5 24. a4 c6 25. axb5 cxb5 26. Qb2 Qb7 27. Kh2 Kh7 28. Ra3
Ra8 29. Rga1 Bd7 30. Nf3 Rfc8 31. Nd2 Rc6 32. Nb3 Qc7 33. Nc5 Bc8 34. Bxb5 Rb6
35. Bf1 e5 36. Qf2 exd4 37. exd4 Bf8 38. Ra5 Bd6 39. Nd3 Qxc3 40. R5a3 Qc7 41.
Rc1 Qb7 42. Rac3 Bd7 43. Nc5 Bxc5 44. dxc5 Re6 45. Re3 Rae8 46. Rxe6 Rxe6 47.
Re1 Qxb4 48. Rxe6 Bxe6 49. Bxa6 Bd7 50. Qe3 Qe4 51. Qxe4 fxe4 52. Bb7 Be6 53.
Kg3 Kg7 54. c6 d4 55. c7 e3 56. c8=Q Bxc8 57. Bxc8 d3 58. Kf3 e2 59. Kf2 Kf7
60. Ba6  1-0

[Event "Sapporo Autumn Chess Tornament 2019"]
[Site ""]
[Date "2019.10.14"]
[Round "5"]
[Board "3"]
[White "Nishimori, Toshiyuki"]
[Black "Kojima, Natsumi"]
[Result "1-0"]
[WhiteElo "1776"]
[BlackElo "1772"]
[PlyCount "89"]
[EventDate "2019.10.13"]
[EventRounds "5"]
[EventCountry "JPN"]

1. e4 e5 2. Nf3 Nc6 3. Bb5 a6 4. Ba4 Nf6 5. O-O Be7 6. Re1 b5 7. Bb3 d6 8. c3
O-O 9. h3 Nb8 10. d4 Nbd7 11. Nbd2 Bb7 12. Bc2 Re8 13. Nf1 Bf8 14. Ng3 g6 15.
a4 c5 16. dxe5 dxe5 17. axb5 axb5 18. Rxa8 Qxa8 19. Qe2 c4 20. b4 cxb3 21. Bxb3
Nc5 22. Bc2 Ba6 23. Qe3 Nfd7 24. Nd2 Ne6 25. Nb3 Rc8 26. Qd2 Nb6 27. Bd3 Nc4
28. Qe2 Nc5 29. Bxc4 bxc4 30. Nxc5 Bxc5 31. Be3 Qc6 32. Bxc5 Qxc5 33. Rd1 Qe7
34. Qg4 Rd8 35. Rxd8+ Qxd8 36. Qf3 Qd3 37. Qxd3 cxd3 38. Nf1 Kf8 39. f3 Ke7 40.
Kf2 Kd6 41. Ke3 Kc5 42. Nd2 g5 43. g3 h5 44. h4 f6 45. g4  1-0

[Event "Sapporo Autumn Chess Tornament 2019"]
[Site ""]
[Date "2019.10.14"]
[Round "5"]
[Board "4"]
[White "Nakamura, Mitsuru"]
[Black "Kikuchi, Akira"]
[Result "0-1"]
[WhiteElo "1314"]
[BlackElo "1718"]
[PlyCount "70"]
[EventDate "2019.10.13"]
[EventRounds "5"]
[EventCountry "JPN"]

1. e4 c5 2. Nf3 d6 3. d4 cxd4 4. Nxd4 Nf6 5. Nc3 e6 6. Bg5 Be7 7. f4 a6 8. Qf3
Qc7 9. g4 Nc6 10. O-O-O b5 11. a3 Bb7 12. Bxf6 Bxf6 13. Nde2 Rc8 14. g5 Be7 15.
f5 Bxg5+ 16. Kb1 Ne5 17. Qh5 Bf6 18. fxe6 O-O 19. Bh3 Rce8 20. Nd5 Bxd5 21.
exd5 Kh8 22. Nf4 g6 23. Qh6 Bg7 24. Qh4 Qe7 25. Qf2 fxe6 26. Bxe6 g5 27. Ng6+
Nxg6 28. Qb6 Ra8 29. Rhe1 Ne5 30. Re4 Qd8 31. Qe3 Nc4 32. Qh3 Nxb2 33. Rg1 Qf6
34. Kc1 Nc4 35. Kd1 Qa1+  0-1

[Event "Sapporo Autumn Chess Tornament 2019"]
[Site ""]
[Date "2019.10.14"]
[Round "5"]
[Board "5"]
[White "Sato, Yasuji"]
[Black "Kobayashi, Katsuhiko"]
[Result "1-0"]
[WhiteElo "1453"]
[BlackElo "1515"]
[PlyCount "53"]
[EventDate "2019.10.13"]
[EventRounds "5"]
[EventCountry "JPN"]

1. e4 e6 2. c3 Be7 3. Nf3 Nc6 4. d4 d5 5. e5 f6 6. Bf4 b6 7. Bb5 Bb7 8. O-O Qd7
9. exf6 gxf6 10. Qa4 Bd6 11. Bxd6 Qxd6 12. Re1 Nge7 13. Nbd2 O-O 14. Bd3 Rf7
15. Re3 Rg7 16. Rae1 e5 17. dxe5 fxe5 18. Nxe5 Nxe5 19. Rxe5 Bc8 20. Qh4 Ng6
21. Bxg6 Rxg6 22. Re8+ Kg7 23. R1e7+ Qxe7 24. Rxe7+ Kf8 25. Qxh7 Rxg2+ 26. Kxg2
Bh3+ 27. Kxh3  1-0